000 00466nam a2200205Ia 4500
008 210210b1951 xxu||||| |||| 00| 0 eng d
041 _aeng
082 _a335/41
100 _aBANERJEE (P)
245 _aStudy of Indian economics Ed 6
260 _aCalcutta
_bUniversity of Calcutta
_c1951
650 _aStudy
650 _aof
650 _aIndian
650 _aEd
650 _aeconomics
650 _a6
690 _aIndian Economics
906 _a004384
999 _c125061
_d125061